[Event "TCh-RUS Premier 2020"]
[Site "Sochi RUS"]
[Date "2020.11.19"]
[Round "1.4"]
[Board "5"]
[White "Askerov, Marat"]
[Black "Popov, Ivan RUS"]
[Result "1/2-1/2"]
[WhiteTitle "FM"]
[BlackTitle "GM"]
[WhiteElo "2338"]
[BlackElo "2636"]
[WhiteTeam "SShOR ShSh (g.Sankt-Peterburg)"]
[BlackTeam "FShM (Moskva)"]
[WhiteFideId "24175200"]
[BlackFideId "4170350"]
[EventDate "2020.11.19"]

1. d4 Nf6 2. c4 e6 3. Nf3 b6 4. g3 Ba6 5. Qb3 Nc6 6. Nbd2 d5 7. Bg2 Bd6 8. Qa4
Bb7 9. cxd5 exd5 10. Nc4 dxc4 11. Ne5 Bb4+ 12. Kf1 O-O 13. Nxc6 Qe8 14. Qxb4
Bxc6 15. Qxc4 Bb5 16. Qc2 Rd8 17. a4 Ba6 18. Be3 Nd5 19. Ra3 Qe6 20. h4 Qg4 21.
Kg1 Nxe3 22. Rxe3 Qxd4 23. Qxc7 Qxb2 24. Kh2 Qf6 25. Bf3 Bxe2 26. Kg2 Bxf3+ 27.
Rxf3 Qe6 28. Qxa7 Qc6 29. Qa6 Rd5 30. Rb1 Rf5 31. Rb3 Rxf3 32. Rxf3 Ra8 33. Qd3
g6 34. Qb3 Qb7 35. Kh2 Rxa4 36. Rxf7 Qxf7 37. Qxa4 Qxf2+ 38. Kh3 Qf1+ 39. Kh2
Qe2+ 40. Kh3 Qe6+ 41. Kh2 h5 42. Qa8+ Kg7 43. Qa7+ Kf6 44. Qb8 Qe2+ 45. Kh3 Qe6+
46. Kh2 Qc6 47. Qf4+ Ke6 48. Qe3+ Kf7 49. Qf4+ Kg8 50. Qb8+ Kh7 51. Qa7+ Kh6 52.
Qa1 Qc2+ 53. Kg1 Qc5+ 54. Kh2 Qf2+ 55. Kh3 Qf5+ 56. Kh2 Qc2+ 57. Kg1 Qc5+ 58.
Kh2 Kh7 59. Qa7+ Kg8 60. Qb8+ Kg7 61. Qa7+ Kf6 62. Qa1+ Ke6 63. Qe1+ Kd7 64.
Qd2+ Kc8 65. Qa2 Qf5 66. Qa8+ Kc7 67. Qa7+ Kc6 68. Qa8+ Kb5 69. Qe8+ Ka5 70.
Qe1+ Ka6 71. Qa1+ Kb7 72. Qg7+ Kc6 73. Qc3+ Qc5 74. Qf6+ Qd6 75. Qf3+ Kb5 76.
Qb3+ Ka5 77. Qa2+ Kb4 78. Qb2+ Kc4 79. Qc2+ Kd4 80. Qd2+ Ke5 81. Qf4+ Ke6 82.
Qe4+ Kd7 83. Qb7+ Kd8 84. Qa8+ Kc7 85. Qa7+ Kc6 86. Qa8+ Kb5 87. Qe8+ Kc4 88.
Qa4+ Kc3 89. Qa1+ Kd2 90. Qb2+ Ke3 91. Qb3+ 1/2-1/2

[Event "TCh-RUS Premier 2020"]
[Site "Sochi RUS"]
[Date "2020.11.20"]
[Round "2.1"]
[Board "1"]
[White "Vitiugov, Nikita"]
[Black "Triapishko, Alexandr"]
[Result "1/2-1/2"]
[WhiteTitle "GM"]
[BlackTitle "IM"]
[WhiteElo "2722"]
[BlackElo "2506"]
[WhiteTeam "Mednyy Vsadnik (g.Sankt-Peterburg)"]
[BlackTeam "Kimmeriya (Respublika Krym)"]
[WhiteFideId "4152956"]
[BlackFideId "14122286"]
[EventDate "2020.11.19"]

1. e4 c6 2. d4 d5 3. e5 Bf5 4. Nc3 e6 5. g4 Bg6 6. Nge2 c5 7. h4 h5 8. Nf4 cxd4
9. Nxg6 fxg6 10. Ne2 Qc7 11. Nxd4 Qxe5+ 12. Be3 Nc6 13. Bb5 a6 14. Bxc6+ bxc6
15. Qd3 c5 16. Nf3 Qe4 17. Qxe4 dxe4 18. Ng5 hxg4 19. Nxe6 Rc8 20. Nxf8 Kxf8 21.
O-O-O Ke7 22. Rd5 Rh5 23. Bg5+ Nf6 24. Rhd1 Kf7 25. Rd6 Nh7 26. Be3 Nf6 27. Rxa6
Rxh4 28. Ra7+ Ke6 29. Rxg7 g3 30. Rxg6 Rg4 31. Rh6 g2 32. Rg1 Kf5 33. Rh2 Rcg8
34. Bxc5 Nd5 35. Be3 Ke5 36. a4 Ne7 37. a5 Nf5 38. a6 Nh4 39. b4 Nf3 40. Rgxg2
Rxg2 41. Rxg2 Rxg2 42. b5 Kd5 43. b6 Kc6 44. b7 Rg8 45. Bf4 Kb6 46. b8=Q+ Rxb8
47. Bxb8 Kxa6 48. c4 Kb7 49. Bf4 Kc6 50. Kb2 Nd4 51. Be3 Nf5 52. Kc3 Kd6 53. Kb4
Kc6 54. Bg5 Nd4 55. Bf4 Nf5 56. Be3 Ne7 57. Bd4 Nf5 58. Bc5 Ng7 59. Bd4 Nf5 60.
Be3 Ne7 61. Bd4 Nf5 1/2-1/2

[Event "TCh-RUS Premier 2020"]
[Site "Sochi RUS"]
[Date "2020.11.20"]
[Round "2.5"]
[Board "2"]
[White "Bykov, Oleg"]
[Black "Paravyan, David"]
[Result "1/2-1/2"]
[BlackTitle "GM"]
[WhiteElo "2362"]
[BlackElo "2654"]
[WhiteTeam "Moskovskaya oblast"]
[BlackTeam "Molodezhka"]
[WhiteFideId "24198978"]
[BlackFideId "4194985"]
[EventDate "2020.11.19"]

1. d4 d5 2. c4 e6 3. Nc3 Nf6 4. cxd5 exd5 5. Bg5 Bb4 6. e3 h6 7. Bh4 g5 8. Bg3
h5 9. Qb3 Bxc3+ 10. Qxc3 Nc6 11. Bb5 Bd7 12. Bxc6 Bxc6 13. f3 h4 14. Be5 Rh6 15.
h3 Qe7 16. a4 Nh5 17. Ne2 O-O-O 18. Kf2 Re6 19. Ra3 f6 20. Bh2 Ng7 21. Qd3 Re8
22. Rc1 Kb8 23. Rcc3 Qd7 24. Qc2 a5 25. Nc1 Nh5 26. Nb3 b6 27. Nd2 Ng3 28. Bxg3
hxg3+ 29. Kxg3 Qd6+ 30. Kf2 Bd7 31. Nf1 f5 32. Ra1 f4 33. Rc1 Qb4 34. b3 fxe3+
35. Rxe3 Rc6 36. Qb2 Rxc1 37. Rxe8+ Bxe8 38. Qxc1 Qxb3 39. Qxg5 Bxa4 40. h4 Qb2+
41. Kg3 Qxd4 42. Ne3 Kb7 43. h5 Qd2 44. Qe5 Qe1+ 45. Kg4 Qb4+ 46. Kg5 d4 47. Nd5
Qc5 48. h6 Bc2 49. f4 a4 50. f5 d3 51. h7 d2 52. h8=Q d1=Q 53. Qd8 Qd2+ 54. Kg6
Qxg2+ 55. Kf7 Bb3 56. Qexc7+ Qxc7+ 57. Qxc7+ Ka8 58. Qc6+ Ka7 59. Qc7+ Ka8 60.
Qc8+ 1/2-1/2

[Event "TCh-RUS Premier 2020"]
[Site "Sochi RUS"]
[Date "2020.11.21"]
[Round "3.1"]
[Board "1"]
[White "Iljiushenok, Ilia"]
[Black "Matlakov, Maxim"]
[Result "0-1"]
[WhiteTitle "GM"]
[BlackTitle "GM"]
[WhiteElo "2539"]
[BlackElo "2685"]
[WhiteTeam "Moskovskaya oblast"]
[BlackTeam "Mednyy Vsadnik (g.Sankt-Peterburg)"]
[WhiteFideId "24105074"]
[BlackFideId "4168003"]
[EventDate "2020.11.19"]

1. e4 c5 2. Nf3 d6 3. Bb5+ Nd7 4. Ba4 Nf6 5. O-O e6 6. Qe2 Qa5 7. Nc3 Be7 8. d3
O-O 9. Bg5 Qc7 10. Rae1 a6 11. Bxd7 Bxd7 12. e5 dxe5 13. Nxe5 Bc6 14. Nxc6 Qxc6
15. Ne4 Nd5 16. b3 Rad8 17. a3 Bxg5 18. Nxg5 h6 19. Nf3 Nc3 20. Qd2 Nb5 21. a4
Nd4 22. Nxd4 cxd4 23. f4 Rd5 24. Rf2 Rc8 25. Qb4 Rc5 26. Ree2 Qd7 27. h3 h5 28.
Qe1 g6 29. Qb4 R8c6 30. Kh1 a5 31. Qe1 Qc7 32. Qd1 b5 33. axb5 Rxb5 34. Qd2 Rc3
35. Kg1 Rbc5 36. Kh1 Kg7 37. Kg1 h4 38. Kh1 Rxc2 39. Qxc2 Rxc2 40. Rxc2 Qb7 41.
Rb2 Qb5 42. Rfd2 Qf5 43. Ra2 Qxf4 44. Rd1 Qc7 45. Rda1 Qc3 46. Ra3 Qc2 47. Kh2
Qd2 48. Kh1 f6 49. Rxa5 Qxd3 50. b4 Qb3 51. Ra7+ Kh6 52. R7a6 Kg5 53. Rd6 e5 54.
Raa6 d3 55. Ra5 Kh6 56. Rad5 e4 57. b5 Qb1+ 58. Kh2 e3 0-1

[Event "TCh-RUS Premier 2020"]
[Site "Sochi RUS"]
[Date "2020.11.23"]
[Round "5.2"]
[Board "2"]
[White "Bykov, Oleg"]
[Black "Shubin, Kirill"]
[Result "0-1"]
[BlackTitle "IM"]
[WhiteElo "2362"]
[BlackElo "2441"]
[WhiteTeam "Moskovskaya oblast"]
[BlackTeam "SShOR ShSh (g.Sankt-Peterburg)"]
[WhiteFideId "24198978"]
[BlackFideId "34119962"]
[EventDate "2020.11.19"]

1. d4 e6 2. c4 Nf6 3. Nf3 Bb4+ 4. Nbd2 O-O 5. a3 Be7 6. e4 d6 7. Be2 Nbd7 8. Qc2
c5 9. d5 Nh5 10. Nf1 exd5 11. cxd5 Nb6 12. Ng1 Nf6 13. Ng3 Re8 14. Nf3 Bf8 15.
O-O g6 16. h3 Bg7 17. Bf4 h6 18. Nd2 Nfxd5 19. exd5 Nxd5 20. Be3 Nxe3 21. fxe3
Rxe3 22. Rf3 Rxf3 23. Nxf3 Be6 24. Rd1 Qc7 25. Ne4 Rd8 26. Kh1 b6 27. Nd4 Bxd4
28. Rxd4 d5 29. Nd2 Qe7 30. Rf4 Bxh3 31. Bd3 Qg5 32. Rf2 Bg4 33. Nf3 Bxf3 34.
Rxf3 Re8 35. Qf2 Re7 36. b3 Kg7 37. a4 Qe5 38. Kg1 h5 39. Bb5 f5 40. Qh4 Qe1+
41. Qxe1 Rxe1+ 42. Kf2 Re5 43. a5 Kf6 44. b4 c4 45. axb6 axb6 46. Ra3 Re6 47.
Ra8 Ke5 48. Ke3 f4+ 49. Kd2 Rf6 50. Rg8 Kd4 51. Be8 c3+ 52. Kd1 f3 53. gxf3 Rxf3
54. Rxg6 Kc4 55. Rxb6 Kb3 56. Rc6 d4 57. Bxh5 Rh3 58. Bg4 Rg3 59. Bf5 d3 60. Ke1
Rg1+ 61. Kf2 d2 62. Kxg1 d1=Q+ 63. Kf2 Kxb4 64. Be4 Qd4+ 65. Kf3 Ka3 66. Kf4 Kb2
67. Kf3 Kc1 68. Rg6 Qd1+ 69. Ke3 Qe1+ 70. Kf3 Qf1+ 71. Ke3 Kb2 72. Rc6 Kb3 73.
Rb6+ Ka3 74. Rc6 Qe1+ 75. Kf3 Kb4 76. Kf4 Qf1+ 77. Ke3 Qg1+ 78. Kd3 Qg3+ 79. Kd4
Qg7+ 80. Ke3 Qa7+ 81. Kd3 Qd7+ 82. Ke3 Qd8 83. Kf4 Qd4 84. Kf3 Kb3 85. Kf4 Qd7
86. Ke3 Qd2+ 87. Kf3 Qd4 88. Kf4 Kb2 89. Kf3 Qd7 90. Rb6+ Ka3 91. Ra6+ Kb4 92.
Rb6+ Kc5 93. Rg6 Kd4 94. Bc2 Qh3+ 95. Kf2 Qe3+ 0-1

[Event "TCh-RUS Premier 2020"]
[Site "Sochi RUS"]
[Date "2020.11.23"]
[Round "5.3"]
[Board "1"]
[White "Andreikin, Dmitry"]
[Black "Dubov, Daniil"]
[Result "1/2-1/2"]
[WhiteTitle "GM"]
[BlackTitle "GM"]
[WhiteElo "2726"]
[BlackElo "2699"]
[WhiteTeam "KPRF (g.Moskva)"]
[BlackTeam "Molodezhka"]
[WhiteFideId "4158814"]
[BlackFideId "24126055"]
[EventDate "2020.11.19"]

1. d4 Nf6 2. c4 e6 3. Nc3 c5 4. d5 exd5 5. cxd5 d6 6. e4 g6 7. Nf3 a6 8. a4 Bg4
9. Be2 Bxf3 10. Bxf3 Bg7 11. Bf4 O-O 12. O-O Ne8 13. Bg4 Nd7 14. Bxd7 Qxd7 15.
Re1 Rb8 16. h3 b5 17. axb5 axb5 18. Ra6 b4 19. Na4 Qb5 20. Rc6 b3 21. Nxc5 dxc5
22. Bxb8 Qxb8 23. Rxc5 Bxb2 24. Re3 Qa7 25. Rc8 Bd4 26. Rxb3 Bxf2+ 27. Kh1 Nd6
28. Rxf8+ Kxf8 29. e5 Ne4 30. d6 Bg3 31. Rf3 Nf2+ 32. Rxf2 Qxf2 33. d7 Bh4 34.
d8=Q+ Bxd8 35. Qxd8+ Kg7 36. Qd5 h5 37. Qe4 Qb6 38. Qf4 Kf8 39. Kh2 Ke7 40. Qg5+
Kd7 41. Qf4 1/2-1/2

[Event "TCh-RUS Premier 2020"]
[Site "Sochi RUS"]
[Date "2020.11.23"]
[Round "5.5"]
[Board "4"]
[White "Makhmutov, Rail"]
[Black "Sarana, Alexey"]
[Result "1/2-1/2"]
[WhiteTitle "IM"]
[BlackTitle "GM"]
[WhiteElo "2442"]
[BlackElo "2636"]
[WhiteTeam "Ladya (Respublika Tatarstan)"]
[BlackTeam "FShM (Moskva)"]
[WhiteFideId "4122151"]
[BlackFideId "24133795"]
[EventDate "2020.11.19"]

1. d4 Nf6 2. c4 e6 3. Nc3 Bb4 4. e3 c5 5. Ne2 cxd4 6. exd4 O-O 7. a3 Be7 8. Nf4
d5 9. cxd5 Nxd5 10. Ncxd5 exd5 11. Be2 Nc6 12. O-O Bf6 13. Be3 Qd6 14. Qd2 Bf5
15. Rac1 Be4 16. Rc5 b6 17. Rc3 Rad8 18. Rfc1 Na5 19. f3 Bg6 20. b4 Nc4 21. Bxc4
dxc4 22. Rxc4 Rfe8 23. a4 Bg5 24. g3 Bxf4 25. Bxf4 Qd5 26. Kf2 Bf5 27. b5 Bc8
28. Rc7 Bb7 29. R1c3 h6 30. h4 Re6 31. Re3 Rde8 32. Rcc3 Rxe3 33. Rxe3 Rd8 34.
Qb4 Rc8 35. Qd2 Qc4 36. Qd1 Bd5 37. g4 Be6 38. Kg3 Rd8 39. Rd3 Bd5 40. Re3 Qb4
41. h5 Rc8 42. Re5 Qc4 43. Qd2 Qb3 44. Qf2 Kh7 45. Bd2 Rd8 46. Qe2 Qb1 47. Qe1
Qc2 48. a5 Qd3 49. Qe2 Qxd4 50. Qe3 Qxe3 51. Bxe3 bxa5 52. Bxa7 a4 53. Bc5 Rd7 1/2-1/2

[Event "TCh-RUS Premier 2020"]
[Site "Sochi RUS"]
[Date "2020.11.25"]
[Round "6.4"]
[Board "4"]
[White "Kornev, Alexei"]
[Black "Smirnov, Timofey"]
[Result "0-1"]
[WhiteTitle "GM"]
[BlackTitle "FM"]
[WhiteElo "2515"]
[BlackElo "2394"]
[WhiteTeam "KPRF (g.Moskva)"]
[BlackTeam "Moskovskaya oblast"]
[WhiteFideId "4120949"]
[BlackFideId "24176427"]
[EventDate "2020.11.19"]

1. c4 c6 2. Nc3 d5 3. e3 e6 4. Nf3 f5 5. b3 Nf6 6. Bb2 Bd6 7. Qc2 O-O 8. Be2 Qe7
9. O-O a6 10. Rac1 Nbd7 11. cxd5 cxd5 12. Nd4 b6 13. f4 Bb7 14. Bf3 Rac8 15. Qb1
Rc7 16. Nce2 Rfc8 17. Rxc7 Rxc7 18. Rc1 Rc5 19. Nc3 Rc7 20. Na4 b5 21. Rxc7 Bxc7
22. Qc2 Bb8 23. Nc3 g6 24. g3 Kf7 25. Bg2 Qc5 26. Qd1 b4 27. Nce2 Qa5 28. Qa1
Bd6 29. Nf3 h6 30. Nc1 Qc7 31. Nd3 Qc2 32. Nde1 Qc7 33. Bd4 a5 34. Bf1 Be7 35.
Bb5 Kg8 36. Qb2 Kh7 37. Nd3 Ne4 38. Nde5 Ndf6 39. Kg2 Nd6 40. Be2 Nfe4 41. h3
Bd8 42. g4 Be7 43. Kh2 Bf6 44. Qb1 g5 45. Bd3 Kg8 46. Qg1 Kf8 47. Qg2 Kg8 48.
Ng6 Kg7 49. Bxf6+ Kxf6 50. Nge5 Nf7 51. gxf5 exf5 52. Nxf7 Kxf7 53. Ne5+ Ke6 54.
Qe2 Qc1 55. Nf3 Kf6 56. Qg2 Qc7 57. Bxe4 dxe4 58. Ne5 Qc2 59. Qe2 Qxa2 60. Kg3
Qb1 61. Kf2 Qc1 62. Nc4 Ba6 63. Qh5 Bxc4 64. Qxh6+ Kf7 65. Qh7+ Ke8 66. Qh8+ Ke7
67. bxc4 Qxd2+ 68. Kf1 Qd1+ 69. Kg2 Qe2+ 70. Kh1 Qf1+ 71. Kh2 Qe2+ 72. Kh1 Qxc4
73. fxg5 b3 74. Qe5+ Kd7 75. g6 Qf1+ 76. Kh2 Qf2+ 77. Kh1 Qe1+ 78. Kh2 Qd2+ 79.
Kh1 b2 80. Qxf5+ Kc6 81. Qe6+ Kc5 82. Qe5+ Kc6 83. Qe6+ Kb5 84. Qe5+ Ka4 85.
Qxe4+ Qb4 86. Qb1 Qc3 87. Kh2 Qd2+ 88. Kg3 Qxe3+ 89. Kh4 Qc1 90. Qe4+ Ka3 91.
Qe7+ Ka2 92. Qe6+ Ka1 93. g7 Qf4+ 94. Qg4 Qf2+ 95. Kg5 b1=Q 96. g8=Q Qb5+ 97.
Kh6 Qf6+ 98. Q8g6 Qh8+ 99. Qh7 Qb6+ 100. Qg6 Qe3+ 0-1

[Event "TCh-RUS Premier 2020"]
[Site "Sochi RUS"]
[Date "2020.11.25"]
[Round "6.4"]
[Board "6"]
[White "Yagupov, Igor"]
[Black "Frolov, Aleksey G."]
[Result "1-0"]
[WhiteTitle "GM"]
[WhiteElo "2357"]
[BlackElo "2025"]
[WhiteTeam "KPRF (g.Moskva)"]
[BlackTeam "Moskovskaya oblast"]
[WhiteFideId "4113632"]
[BlackFideId "34106500"]
[EventDate "2020.11.19"]

1. d4 Nf6 2. c4 e6 3. Nc3 Bb4 4. e3 O-O 5. Ne2 b6 6. a3 Bxc3+ 7. Nxc3 Bb7 8. d5
d6 9. Be2 c6 10. e4 cxd5 11. cxd5 exd5 12. exd5 Re8 13. O-O Nbd7 14. Be3 Rc8 15.
Qd4 Nc5 16. Rad1 Nce4 17. Nb5 a6 18. Na7 Rc5 19. Nc6 Qd7 20. Nb4 b5 21. f3 a5
22. fxe4 axb4 23. Rxf6 gxf6 24. Qxf6 Qd8 25. Qxd8 Rxd8 26. Bxc5 dxc5 27. axb4
cxb4 28. Bg4 Kg7 29. Rc1 Re8 30. Rc7 Rxe4 31. Be6 Kh6 32. Rxf7 Bxd5 33. Bxd5 Rd4
34. Bf3 b3 35. Rf6+ Kg5 36. Rb6 b4 37. Kf2 Kf4 38. g3+ Kg5 39. Ke3 Rc4 40. h4+
Kf5 41. Rd6 Ke5 42. Rd5+ 1-0

[Event "TCh-RUS Premier 2020"]
[Site "Sochi RUS"]
[Date "2020.11.26"]
[Round "7.5"]
[Board "4"]
[White "Petrov, Nikita"]
[Black "Makhmutov, Rail"]
[Result "1/2-1/2"]
[WhiteTitle "GM"]
[BlackTitle "IM"]
[WhiteElo "2577"]
[BlackElo "2442"]
[WhiteTeam "DYuSSh im.M.M.Botvinnika (g.Moskva)"]
[BlackTeam "Ladya (Respublika Tatarstan)"]
[WhiteFideId "4101286"]
[BlackFideId "4122151"]
[EventDate "2020.11.19"]

1. e4 c6 2. d4 d5 3. e5 Bf5 4. h4 h5 5. Bd3 Bxd3 6. Qxd3 Qa5+ 7. Nd2 e6 8. Nf3
Qa6 9. c4 Nh6 10. O-O Nf5 11. b3 Be7 12. a4 Qa5 13. Ba3 Bxa3 14. Rxa3 Na6 15. g3
Rd8 16. Rc1 dxc4 17. Nxc4 Qd5 18. Qe2 O-O 19. Ne3 Nxe3 20. Qxe3 c5 21. dxc5 Rc8
22. Raa1 Nxc5 23. b4 Na6 24. Rd1 Qc4 25. b5 Nc5 26. Ng5 b6 27. Rd4 Qc2 28. Rc1
Qf5 29. Rcd1 f6 30. exf6 gxf6 31. Ne4 Nxe4 32. Rxe4 e5 33. Qb3+ Kg7 34. Rc4 Rxc4
35. Qxc4 Rc8 36. Qd5 Kg6 37. Rd2 e4 38. Qxf5+ Kxf5 39. Rd7 Rc1+ 40. Kg2 Rc2 41.
Rxa7 e3 42. Kf3 exf2 43. Kg2 Ra2 44. Ra6 Kg4 45. Rxb6 f1=Q+ 46. Kxf1 Rxa4 47.
Rxf6 1/2-1/2

[Event "TCh-RUS Premier 2020"]
[Site "Sochi RUS"]
[Date "2020.11.27"]
[Round "8.2"]
[Board "1"]
[White "Dubov, Daniil"]
[Black "Artemiev, Vladislav"]
[Result "1/2-1/2"]
[WhiteTitle "GM"]
[BlackTitle "GM"]
[WhiteElo "2699"]
[BlackElo "2708"]
[WhiteTeam "Molodezhka"]
[BlackTeam "Ladya (Respublika Tatarstan)"]
[WhiteFideId "24126055"]
[BlackFideId "24101605"]
[EventDate "2020.11.19"]

1. e4 e5 2. Nf3 Nc6 3. Bb5 a6 4. Ba4 Nf6 5. O-O b5 6. Bb3 Bb7 7. c3 Nxe4 8. Re1
Nc5 9. Bd5 Be7 10. d4 exd4 11. Ng5 Ne6 12. Qh5 Bxg5 13. Bxg5 Qc8 14. Nd2 Nd8 15.
Bb3 O-O 16. Be7 Nf4 17. Qg4 Nde6 18. Bxf8 Qxf8 19. Ne4 Bxe4 20. Rxe4 f5 21. Qxf4
fxe4 22. Qxc7 Kh8 23. Bxe6 dxe6 24. cxd4 Rc8 25. Qb7 Rc2 26. Rf1 Qc8 27. Qxe4
Rxb2 28. Re1 h6 29. d5 exd5 30. Qxd5 Re2 31. Kf1 Rc2 32. g3 Qc4+ 33. Qxc4 Rxc4
34. Re3 Ra4 35. a3 g5 36. Ke2 Kg7 37. Rf3 Kg6 38. h3 h5 39. Rc3 Kf5 40. Kd3 Ke6
41. Ke3 Kd5 42. Rd3+ Ke5 43. f3 h4 44. gxh4 Rxh4 45. Rd8 Ra4 46. Rd3 Rc4 47. Rb3
Kd5 48. Kf2 Kc5 49. Re3 Kd4 50. Rb3 Kc5 51. Re3 Rd4 52. Re5+ Rd5 53. Re6 a5 54.
Ke3 Kc4 55. Rc6+ Rc5 56. Rxc5+ Kxc5 57. f4 gxf4+ 58. Kxf4 Kc4 59. Ke3 Kb3 60. h4
Kxa3 61. h5 b4 62. h6 b3 63. h7 b2 64. h8=Q b1=Q 65. Qc3+ Qb3 66. Kd2 a4 67.
Qa1+ Kb4 68. Qd4+ 1/2-1/2

[Event "TCh-RUS Premier 2020"]
[Site "Sochi RUS"]
[Date "2020.11.27"]
[Round "8.3"]
[Board "4"]
[White "Inarkiev, Ernesto"]
[Black "Tsoi, Dmitry"]
[Result "1-0"]
[WhiteTitle "GM"]
[BlackTitle "FM"]
[WhiteElo "2661"]
[BlackElo "2315"]
[WhiteTeam "FShM (Moskva)"]
[BlackTeam "Moskovskaya oblast"]
[WhiteFideId "4162722"]
[BlackFideId "24194697"]
[EventDate "2020.11.19"]

1. d4 d5 2. c4 e6 3. Nc3 f5 4. Bf4 Nf6 5. e3 c6 6. Nf3 Bd6 7. Bxd6 Qxd6 8. Be2
O-O 9. O-O Nbd7 10. Qc2 Ne4 11. Rab1 a6 12. b4 b5 13. c5 Qe7 14. a4 e5 15. Ra1
Rb8 16. axb5 Nxc3 17. Qxc3 e4 18. Nd2 axb5 19. Ra7 Qe6 20. Rfa1 Nf6 21. Qa3 Bd7
22. f4 exf3 23. Nxf3 Ng4 24. h3 Nh6 25. Ne5 Rbd8 26. Qa6 Be8 27. Bxb5 Nf7 28.
Rxf7 Rxf7 29. Bxc6 Qh6 30. Bxe8 Qxe3+ 31. Kh1 Rf6 32. Bf7+ Rxf7 33. Qe6 Rf8 34.
Qxd5 h6 35. b5 f4 36. Rf1 1-0

[Event "TCh-RUS Premier 2020"]
[Site "Sochi RUS"]
[Date "2020.11.27"]
[Round "8.5"]
[Board "5"]
[White "Timerkhanov, Alexander"]
[Black "Kornev, Alexei"]
[Result "1/2-1/2"]
[WhiteTitle "FM"]
[BlackTitle "GM"]
[WhiteElo "2379"]
[BlackElo "2515"]
[WhiteTeam "SShOR ShSh (g.Sankt-Peterburg)"]
[BlackTeam "KPRF (g.Moskva)"]
[WhiteFideId "24177938"]
[BlackFideId "4120949"]
[EventDate "2020.11.19"]

1. d4 Nf6 2. Bg5 c6 3. Nd2 d5 4. e3 Bf5 5. Ngf3 Nbd7 6. h3 h6 7. Bf4 Qb6 8. Bd3
Bxd3 9. cxd3 e6 10. O-O Be7 11. Rb1 a5 12. e4 O-O 13. Qe2 Rfc8 14. e5 Ne8 15. g4
Nc7 16. a4 Na6 17. Kh1 Nf8 18. Be3 Nb4 19. Ne1 c5 20. f4 cxd4 21. Bf2 Nc2 22.
Ndf3 Ne3 23. Rg1 Bc5 24. Ng2 Qb4 25. f5 Qxa4 26. b3 Qb4 27. Ngh4 g6 28. Ng2 exf5
29. Bxe3 dxe3 30. gxf5 Ra6 31. Ngh4 Be7 32. Rg4 Qc5 33. Rbg1 Bxh4 34. Rxh4 d4
35. Rxd4 b5 36. Qxe3 Rd8 37. e6 Rxd4 38. e7 Ra8 39. exf8=Q+ Rxf8 40. fxg6 Qd5
41. Rg2 Rxd3 42. Qxh6 Rd1+ 43. Ng1 Rd8 44. Qh7+ Kf8 45. g7+ Ke7 46. g8=Q Rxg8
47. Qxg8 Rd3 48. b4 axb4 49. Qg5+ Kd6 50. Qf4+ Kc6 51. Qxb4 Rg3 52. Qd2 Rxg2 53.
Qxg2 Qxg2+ 54. Kxg2 b4 55. Nf3 Kd5 56. Nd2 Ke5 57. Kf3 Kf5 58. Ke3 Ke5 59. Nf3+
Kf5 60. Nd4+ Kg5 61. Kf3 f5 62. Kg3 f4+ 63. Kg2 Kh4 64. Kh2 Kg5 65. Kg1 Kh4 66.
Kg2 Kg5 67. Ne6+ Kf5 68. Nc5 Kg5 69. Kh2 Kh4 70. Nb3 Kg5 71. Kg2 Kh4 72. Nd2 Kg5
73. Nf3+ Kh5 74. Nd4 Kg5 75. Kh1 Kh5 76. Kg1 Kg5 77. Kf1 Kh4 78. Kg2 Kg5 79.
Nf3+ Kh5 1/2-1/2

[Event "TCh-RUS Premier 2020"]
[Site "Sochi RUS"]
[Date "2020.11.28"]
[Round "9.1"]
[Board "2"]
[White "Matlakov, Maxim"]
[Black "Dreev, Aleksey"]
[Result "1/2-1/2"]
[WhiteTitle "GM"]
[BlackTitle "GM"]
[WhiteElo "2685"]
[BlackElo "2655"]
[WhiteTeam "Mednyy Vsadnik (g.Sankt-Peterburg)"]
[BlackTeam "KPRF (g.Moskva)"]
[WhiteFideId "4168003"]
[BlackFideId "4100107"]
[EventDate "2020.11.19"]

1. d4 Nf6 2. c4 e6 3. Nf3 Bb4+ 4. Nbd2 b6 5. a3 Bxd2+ 6. Nxd2 Bb7 7. b3 c5 8.
dxc5 bxc5 9. Bb2 d5 10. cxd5 exd5 11. e3 O-O 12. Be2 a5 13. O-O Nbd7 14. Qc2 Qe7
15. Rfd1 Rfc8 16. a4 Nf8 17. Nf1 Ne4 18. Ng3 Nxg3 19. hxg3 Ne6 20. Rac1 Rd8 21.
Qf5 d4 22. exd4 Nxd4 23. Bxd4 cxd4 24. Bc4 Rd7 25. Re1 Qd6 26. Qe5 Qxe5 27. Rxe5
Kf8 28. f3 Rd6 29. Kf2 Bc8 30. Bd5 Rb8 31. Rc7 Be6 32. Bxe6 Rxe6 33. Rxa5 d3 34.
Rd5 Re2+ 35. Kg1 d2 36. Kh2 g6 37. Rc3 Rf2 38. Rcd3 d1=Q 39. Rxd1 Rxb3 40. Rb5
Rbxf3 41. Rd4 Ra3 42. Rf4 Rxf4 43. gxf4 Rxa4 44. f5 Kg7 45. fxg6 hxg6 46. Rb7 g5
47. Kh3 Rh4+ 48. Kg3 Kg6 49. Rb6+ f6 50. Ra6 Rc4 51. Kh3 Rc3+ 52. Kg4 Rc4+ 1/2-1/2

[Event "TCh-RUS Premier 2020"]
[Site "Sochi RUS"]
[Date "2020.11.28"]
[Round "9.3"]
[Board "4"]
[White "Murzin, Volodar"]
[Black "Sarana, Alexey"]
[Result "0-1"]
[WhiteTitle "IM"]
[BlackTitle "GM"]
[WhiteElo "2470"]
[BlackElo "2636"]
[WhiteTeam "Achimgaz QNAO (QNAO)"]
[BlackTeam "FShM (Moskva)"]
[WhiteFideId "44155573"]
[BlackFideId "24133795"]
[EventDate "2020.11.19"]

1. e4 c5 2. Nf3 d6 3. d4 cxd4 4. Nxd4 Nf6 5. Nc3 a6 6. Be3 Ng4 7. Bc1 Nf6 8. f3
e5 9. Nb3 Be7 10. Be3 Be6 11. Qd2 Nbd7 12. O-O-O b5 13. g4 Nb6 14. g5 Nh5 15.
Na5 Qc7 16. Nd5 Nxd5 17. exd5 Bf5 18. Nc6 O-O 19. Rg1 f6 20. g6 Bxg6 21. Rxg6
hxg6 22. Qg2 Kh7 23. Bd3 f5 24. Rg1 Rf6 25. Qh3 Rh8 26. Bg5 Kg8 27. Qg2 Nf4 28.
Bxf4 exf4 29. Re1 Bf8 30. b4 Rh5 31. Re8 g5 32. Qe2 Qf7 33. Rc8 Rhh6 34. a4 g4
35. Qg2 Kh8 36. axb5 axb5 37. fxg4 fxg4 38. Qxg4 f3 39. Nd8 Qe8 40. Nc6 Qe1+ 41.
Kb2 f2 42. Qe6 f1=Q 43. Bxf1 Qxf1 0-1

[Event "TCh-RUS Premier 2020"]
[Site "Sochi RUS"]
[Date "2020.11.28"]
[Round "9.5"]
[Board "5"]
[White "Petrov, Nikita"]
[Black "Antipov, Mikhail Al."]
[Result "1/2-1/2"]
[WhiteTitle "GM"]
[BlackTitle "GM"]
[WhiteElo "2577"]
[BlackElo "2607"]
[WhiteTeam "DYuSSh im.M.M.Botvinnika (g.Moskva)"]
[BlackTeam "Molodezhka"]
[WhiteFideId "4101286"]
[BlackFideId "4107012"]
[EventDate "2020.11.19"]

1. e4 e5 2. Nf3 Nc6 3. Bb5 Nf6 4. d3 Ne7 5. d4 Nxe4 6. dxe5 a6 7. Bd3 Nc5 8. O-O
d5 9. exd6 Qxd6 10. Bc4 Qxd1 11. Rxd1 b5 12. Be2 Bb7 13. b3 f6 14. b4 Na4 15. c4
Be4 16. Nbd2 Bf5 17. Re1 Nc3 18. Bf1 O-O-O 19. a4 Nxa4 20. cxb5 axb5 21. Bxb5
Nb6 22. Nc4 Ned5 23. Nxb6+ Nxb6 24. Be3 Bd7 25. Bxd7+ Kxd7 26. Red1+ Bd6 27.
Bxb6 cxb6 28. Ra7+ Kc8 29. Nd4 Bxb4 30. Rc1+ Bc5 31. Nc6 Rd7 32. Ne7+ Kd8 33.
Nc6+ Kc8 34. Ra8+ Kc7 35. Rxh8 Kxc6 36. Rxh7 Kb5 37. Rb1+ Kc4 38. Rc1+ Kb3 39.
Rh3+ Kb2 40. Re1 Rd2 41. Rf3 b5 42. g3 b4 43. Re8 Rc2 44. Rg8 Rc3 45. Kg2 b3 46.
Rxg7 Rxf3 47. Kxf3 Ka3 48. Rd7 b2 49. Rd1 f5 50. h4 Bf8 51. Ke2 Ka2 52. Kd3
b1=Q+ 53. Rxb1 Kxb1 54. Kd4 Kc2 55. f3 Kd2 56. Ke5 Ke3 57. Kxf5 Kxf3 58. g4 Kg3
59. h5 Kh4 60. Kg6 Kxg4 1/2-1/2